Finish the Movie Title - Statistics

General Stats
  • This quiz has been taken 48 times
  • The average score is 14 of 16
Answer Stats
Name Answer % Correct
Beauty and the Beast
100%
The Fast and the Furious
100%
Guardians of the Galaxy
100%
Jurassic Park
100%
The Lord of the Rings
100%
Toy Story
100%
Pirates of the Caribbean
98%
Mission Impossible
98%
Game of Thrones
95%
Rise of the planet of the Apes
93%
The Wolf of Wall Street
86%
The Pink Panther
73%
Peaky Blinders
68%
Squid Games
66%
Harry Potter and the Sorcerer's Stone
50%
Money Heist
34%
No matching quizzes found
Score Distribution
Percent of People with Each Score
Percentile by Number Answered
Your Score History
You have not taken this quiz